| 000 | 01181cam a22002771i 4500 | ||
|---|---|---|---|
| 003 | SA-RiAUC | ||
| 005 | 20250126055709.0 | ||
| 008 | 250126s1986 le g b 00100 ara c | ||
| 040 |
_aSA-RiAUC _bara _cSA-RiAUC _erda |
||
| 043 | _aa-su--- | ||
| 082 | 0 | 4 |
_a953.122 _qSA-RiAUC |
| 090 |
_a953.122 _bخ ا ل |
||
| 100 | 1 |
_aخالد، حسن، _d1921-1989 _eمؤلف. |
|
| 245 | 1 | 0 |
_aمجتمع المدينة قبل الهجرة وبعدها / _cحسن خالد. |
| 264 | 1 |
_aبيروت : _bدار النهضة العربية، _c1986 |
|
| 300 |
_a320 صفحة ؛ _c24 سم |
||
| 336 |
_aنص _btxt _2rdacontent _3كتاب |
||
| 337 |
_aبدون وسيط _bn _2rdamedia |
||
| 338 |
_aمجلد _bnc _2rdacarrier |
||
| 500 | _aيشتمل على كشافات. | ||
| 504 | _aيشتمل على إرجاعات ببليوجرافية. | ||
| 651 | 7 |
_aالمدينة المنورة _xتاريخ _yعصر صدر الإسلام، 13 قبل الهجرة-41 هجري _2aucsh |
|
| 651 | 7 |
_aالمدينة المنورة _xأحوال اجتماعية _yعصر صدر الإسلام، 13 قبل الهجرة-41 هجري _2aucsh |
|
| 942 |
_2ddc _cBOOK _n0 |
||
| 949 |
_aSA-JeALM _d250126 _umohamedma123 _n1 |
||
| 999 |
_c5226 _d5226 |
||